| 000 | 00577nam a2200181 a 4500 | ||
|---|---|---|---|
| 001 | 000040165 | ||
| 005 | 20201002033946.0 | ||
| 008 | 130812s1978 mx 000 0 spa d | ||
| 020 | _a9681800869 | ||
| 040 |
_aDO-SdBNP _bspa _cBNPHU |
||
| 100 | 1 |
_aWeiss, Leonard W. _966439 |
|
| 240 | 1 | 0 |
_aEconomics and society _lEspañol |
| 245 | 1 | 0 |
_aFundamentos de economía : _benfoque económico social / _cLeonardo W. Weiss. |
| 260 |
_aMéxico : _bLimusa, _c1978. |
||
| 300 |
_a604 p. ; _c24 cm. |
||
| 500 | _aIncluye notas al pie de las páginas | ||
| 500 | _aTraducido del idioma inglés | ||
| 999 |
_c39655 _d39655 |
||